00438nam a22001337a 4500003000400000008004100004082002000045100001800065245013400083260003200217300000900249502001500258650003100273OSt260429b |||||||| |||| 00| 0 eng d a635.93424bA66S aAnwar, Shiraz aStudies on The Effect of Spacing and Corm size on Plant Growth Flowering and Corm Production in Gladiolus (Gladiolus Gandavensis) aPusa, SamastipurbRAUc2002 a74P. bMsc.d2002 aVegetable and Floriculture